| 000 | 01010nam a22003017a 4500 | ||
|---|---|---|---|
| 001 | 7798 | ||
| 003 | FISKH | ||
| 005 | 20250807132813.0 | ||
| 008 | 250807b cb ||||| |||| 00| 0 eng d | ||
| 020 | _a0439086418 | ||
| 040 |
_aDLC _cDLC _dDLC _beng |
||
| 050 | _aPZ7.L8432 F | ||
| 082 | _a813 | ||
| 100 | 1 |
_aLondon, Jonathan _d(1947-) |
|
| 245 | 1 | 0 |
_aFroggy plays soccer / _cby Jonathan London ; illustrated by Frank Remkiewicz |
| 250 | _aThis edition first published in 2000 | ||
| 260 |
_aNew York : _bScholastic, _c1999 |
||
| 300 |
_a28 unnumbered pages : _bcolor illustrations ; _c21 x 26 cm |
||
| 505 | _aJ | ||
| 520 | _aAlthough Froggy is very excited when his Dream Team plays for the city soccer championship, he makes a mistake on the field that almost costs the team the game. | ||
| 521 | 8 |
_a440
_bLexile |
|
| 521 | 8 |
_aJ
_bRaz-Plus |
|
| 650 | 1 |
_aSoccer _xFiction. |
|
| 650 | 1 |
_aFrogs _xFiction. |
|
| 700 | 1 |
_aRemkiewicz, Frank _eillustrator |
|
| 942 |
_2ddc _cBK _n0 |
||
| 999 |
_c7798 _d7798 |
||